000 00283nam a2200109Ia 4500
008 200302s9999 xx 000 0 und d
100 _aI. B. Prasad
245 _aA Text Book of Applied Mechanics Dynamics & Statics
260 _bKhanna Publishers
260 _c2001
300 _a1276 P.,
999 _c1387
_d1387